Bosque seco tropical: monitoreo comunitario de la biodiversidad (Registro nro. 20482)

Detalles MARC
000 -CABECERA
Campo de control 01097nam a22002537a 4500
005 - FECHA Y HORA DE LA ULTIMA TRANSACCION
Campo de control 20191011045538.0
008 - ELEMENTOS DE LONGITUD FIJA—INFORMACION GENERAL
Campo de control 191011b xxu||||| |||| 00| 0 spa d
020 ## - ISBN
ISBN 9789585418486
040 ## - FUENTE DE CATALOGACIÓN
Agencia catalogadora original CO-BoIAVH
Agencia transcriptora CO-BoIAVH
041 ## - IDIOMA
Código de idioma para texto/pista de sonido o título separado Español
044 ## - PAÍS DE PUBLICACIÓN
País de publicación Colombia
082 ## - NUMERO DE CLASIFICACION DECIMAL DEWEY
Número de clasificación 333.9514028
Número del ítem H55b
100 ## - ASIENTO PRINCIPAL--NOMBRE PERSONAL
9 (RLIN) 101636
Nombre personal Hernandez-Jaramillo, Alma
245 14 - MENCION DE TITULO
Título Bosque seco tropical: monitoreo comunitario de la biodiversidad
Parte restante del título cuenca Río cañas
260 ## - PUBLICACION, DISTRIBUCION, ETC. (PIE DE IMPRENTA)
Lugar de publicación, distribución, etc. Bogotá:
Nombre del editor, distribuidor, etc. Instituto de Investigación de Recursos Biológicos Alexander von Humboldt; Programa de Las Naciones Unidas para el Desarrollo PNUD, Fondo Mundial para el Medio Ambiente, Ministerio de Ambiente y Desarrollo Sostenible.
Fecha de publicación, distribución, etc. 2018.
300 ## - DESCRIPCION FISICA
Extensión 39 páginas
Otros detalles físicos fotografías a color
Dimensiones 21 x 20cm
490 ## - MENCION DE SERIE
Mención de serie Bosque seco tropical monitoreo comunitario
Designación numérica/secuencial del volumen Cuenca río cañas
650 14 - ASIENTO SECUNDARIO DE MATERIA - TERMINO TEMATICO
9 (RLIN) 92782
Término temático o nombre geográfico como elemento de entrada Bosques secos tropicales
Subdivisión de forma Río cañas
Subdivisión general Colombia
650 #0 - ASIENTO SECUNDARIO DE MATERIA - TERMINO TEMATICO
9 (RLIN) 72931
Término temático o nombre geográfico como elemento de entrada Evaluación de los recursos
650 #0 - ASIENTO SECUNDARIO DE MATERIA - TERMINO TEMATICO
9 (RLIN) 3678
Término temático o nombre geográfico como elemento de entrada Comunidades locales
700 ## - ASIENTO SECUNDARIO - NOMBRE PERSONAL
9 (RLIN) 101638
Nombre personal Gonzales Roy
700 1# - ASIENTO SECUNDARIO - NOMBRE PERSONAL
9 (RLIN) 83365
Nombre personal Villegas-Vélez, Felipe
942 ## - ELEMENTOS ADICIONALES (KOHA)
Sistema de clasificación Dewey Decimal Classification
Tipo de ítem Libro
Existencias
Withdrawn status Lost status Sistema de Clasificación Damaged status No para préstamo Colección Ubicación Permanente Ubicación actual Fecha de adquisición Total Checkouts Número topográfico Inventario / Código de Barras Date last seen Ejemplar Price effective from Forma de adquisición Tipo de material
    Dewey Decimal Classification     Humboldt Bogotá Bogotá 11/10/2019   IAVH-333.9514028 H55b 043584 11/10/2019 Ej.1 11/10/2019 Institucional Libro
    Dewey Decimal Classification     Humboldt Bogotá Bogotá 05/03/2020   IAVH-333.9514028 H55b 030497 05/03/2020 Ej. 2 05/03/2020 Institucional Libro